Svetové kultúrne dedičstvo Drevené chrámy v slovenskej časti karpatského oblúka strieborná zberateľská minca

Podrobná bibliografia
Hlavný autor: Flaché, Dagmar (Autor)
Médium: Článok
Jazyk:slovenčina
Fyzický popis:Obr.
ISSN:1335-0900
Predmet:
On-line prístup:http://www.nbs.sk/_img/Documents/_PUBLIK_NBS_FSR/Biatec/Rok2010/biatec0310.pdf

MARC

LEADER 00000nab a2200000 a 4500
001 vtls010105414
003 SK-MaSNL
005 20260426103001.0
008 250708c2010 xo ||||||||||||00 b|slo
015 |a SNBRB2010/06  |2 snkbucl 
035 |a (uuid)26ad9247-c324-4e8e-a5d4-542d0132ed5f 
035 |a urn:nbn:sk:snk-ab24wt 
035 |a (urnnbn)urn:nbn:sk:snk:ar-a01nwl 
038 |a SNKBUCL 
040 |a SNKBUCL  |b slo  |c SNKBUCL  |e AACR2 
041 0 |a slo 
044 |a xo  |c SK 
080 |a 737.122.2  |x (437.6)  |2 2001 
100 1 |a Flaché, Dagmar  |4 aut  |9 850558 
245 1 0 |a Svetové kultúrne dedičstvo Drevené chrámy v slovenskej časti karpatského oblúka  |b strieborná zberateľská minca  |c Dagmar Flaché 
300 |b Obr. 
610 2 7 |a Národná banka Slovenska  |2 snkbucl  |9 14536 
648 7 |a 2010  |2 snkbucl  |9 324355 
650 0 7 |a pamätné mince, strieborné  |x Drevené chrámy v slovenskej časti karpatského oblúka (tematika)  |2 snkbucl  |9 1593564 
650 0 7 |a emisia  |2 snkbucl  |9 866625 
651 7 |a Slovensko  |2 snkbucl  |9 14231 
773 0 |t Biatec  |g Roč. 18, č. 3 (2010), s. 28-29  |x 1335-0900 
850 |a Slovenská národná knižnica 
852 |a Slovenská národná knižnica 
856 4 1 |u http://www.nbs.sk/_img/Documents/_PUBLIK_NBS_FSR/Biatec/Rok2010/biatec0310.pdf 
954 |a odborná, vedecká literatúra pôvodná (slovenská)  |2 lita 
958 |a article2022 
958 |a OND 
958 |a EUIPO 
999 |c 3272495  |d 3274425